الثروات الطبيعية واثرها فى حل الازمات والمشكلات الاقتصادية تملكا واستثمارا : دراسة مقارنة بين الفقه الاسلامي والنظم القانونية المعاصرة

Bibliographic Details
Main Author: ابو طه، احمد محمد احمد (Author)
Format: Book
Language:Arabic
Published: اسكندرية : دار الفكر الجامعي , 2014
Edition:الطبعة 1
Subjects:

MARC

LEADER 00000cam a2200000 7i4500
001 0000091021
005 20220925093000.0
008 170529s2014 ua ara
020 |a 9789773791704 
020 |a 9789773791707 
050 0 0 |a K3478   |b .A28 2014 
090 0 0 |a K3478   |b .A28 2014 
100 1 |a ابو طه، احمد محمد احمد ,   |e author 
241 1 3 |a al-Tharwat al-tabi'iyah wa-atharuha fi hal al-azmat wa-al-mushkilat al-iqtisadiyah tamlik wa-istithmara: dirasah muqaranah bayn al-fiqh al-Islami wa-al-nazm al-qanuniyah al-mu'asirah 
245 1 2 |a الثروات الطبيعية واثرها فى حل الازمات والمشكلات الاقتصادية تملكا واستثمارا :   |b دراسة مقارنة بين الفقه الاسلامي والنظم القانونية المعاصرة   |c دكتور احمد محمد احمد ابو طه 
250 |a الطبعة 1 
260 |a اسكندرية :   |b دار الفكر الجامعي ,   |c 2014 
300 |a 576 p. :   |b ill. ;   |c 25 cm. 
504 |a Includes bibliographical references (p. 527-561) and index 
650 0 |a Natural resources   |x Law and legislation 
999 |a 1000168865   |b Book   |c OPEN SHELF (30 DAYS)   |e Gong Badak Campus